000
00458nam a2200181Ia 4500
008
090124s9999 xx 000 0 und d
082
_b
103700
100
_a
पवार शरद
245
_a
पहाट झाली
250
_a
1
260
_c
1951
300
_a
63
600
_a
पवार शरद
630
_a
पहाट झाली
700
_a
पवार शरद
730
_a
पहाट झाली
942
_c
BOOK
999
_c
149792
_d
149792